000 00518nam a2200181Ia 4500
999 _c14364
_d14364
003 OSt
005 20201204154731.0
008 190216s9999||||xx |||||||||||||| ||und||
020 _a9780007199068
040 _coclc
082 _a813.54
_bSHE/A
100 _aSheldon, Sidney
_95160
245 0 _aAre You Afraid Of The Dark /
_cSidney Sheldon
260 _bHarper Collins Publishers,
_aLondon:
_c2004.
300 _a421p
650 _aEnglish
942 _cBK
_2ddc
_h813.54
_iSHE/A
_k813.54
_mSHE/A